00409nam a2200133Ia 4500100001800000942000700018654001300025245004600038260002500084082001500109546001200124999001700136952012200153 aRobines Judd  cBK aComputer aLotus 1-2-3- Release 2.3 & 2.4 for Dos bBPBaNew Delhic1992 a005.13 'C' aENGLISH c22638d22638 001040708CRCaCRCEbCRCEd2023-03-17eglobal booksg45.00l0o005.13 'C' p6705r2023-03-17v45.00w2023-03-17yBK